[Moderné trendy v cudzojazyčnom vzdelávaní]
Recenzia na monografiu autorky Alice Harajovej - Moderné trendy v cudzojazyčnom vzdelávaní. Kniha rozdelená na tri kapitoly s názvami: Pohľad do histórie, Charakteristika multimediálneho programu a modelových cvičení a E-learning.
Gespeichert in:
| 1. Verfasser: | |
|---|---|
| Format: | Buchkapitel |
| Sprache: | Slowakisch |
| Schlagworte: | |
| Tags: |
Keine Tags, Fügen Sie das erste Tag hinzu!
|
MARC
| LEADER | 00000naa a2200000 4500 | ||
|---|---|---|---|
| 001 | 0264803 | ||
| 005 | 20240502074206.9 | ||
| 041 | 0 | |a slo | |
| 044 | |a SK | ||
| 245 | 1 | 0 | |a [Moderné trendy v cudzojazyčnom vzdelávaní] |c Jana Kucharová |
| 520 | |a Recenzia na monografiu autorky Alice Harajovej - Moderné trendy v cudzojazyčnom vzdelávaní. Kniha rozdelená na tri kapitoly s názvami: Pohľad do histórie, Charakteristika multimediálneho programu a modelových cvičení a E-learning. | ||
| 610 | 2 | 0 | |a recenzie |
| 610 | 2 | 0 | |a monografie |
| 610 | 2 | 0 | |a jazyky cudzie |
| 610 | 2 | 0 | |a vzdelávanie |
| 100 | 1 | |a Kucharová, Jana, 1981- | |